| 000 | 00472nam a2200193Ia 4500 | ||
|---|---|---|---|
| 005 | 20220824143104.0 | ||
| 008 | 131103s9999 xx 000 0 und d | ||
| 020 | _a747250979 | ||
| 040 | _aLoreto College | ||
| 041 | _aEnglish | ||
| 082 |
_aF _bFRI |
||
| 100 | _aFriedman,Philip | ||
| 245 |
_aGrand Jury _cPhilip Friedman |
||
| 260 |
_aLondon _bHeadline Book Publishing _c1956 |
||
| 300 | _a758 p. | ||
| 650 | _aFiction in English | ||
| 850 | _aLCLIB | ||
| 942 | _cBK | ||
| 999 |
_c14338 _d64817 |
||